| 000 | 00933cam a2200253Ia 4500 | ||
|---|---|---|---|
| 008 | |||
| 049 | _aMAIN | ||
| 100 |
_aBiology Colloquium _n(25th : _d1964 : _cOregon State University) |
||
| 245 | 1 | 0 |
_aMicrobiology and soil fertility : _bpapers presented at the twenty-fifth annual Biology Colloquium / _cedited by C. M. Gilmour and O. N. Allen. |
| 260 |
_aCorvallis : _bOregon State University Press, _c1965. |
||
| 300 |
_axii, 164 p. : _bill. ; _c24 cm. |
||
| 440 |
_aProceedings of the Annual Biology Colloquium ; _v25th. |
||
| 504 | _aIncludes bibliographical references. | ||
| 650 | 0 |
_aMicroorganisms _vCongresses. |
|
| 650 | 0 |
_aSoil microbiology _vCongresses. |
|
| 650 | 0 |
_aSoil fertility _vCongresses. |
|
| 700 | 1 | _aGilmour, C. M. | |
| 700 | 1 | _aAllen, O. N. | |
| 907 |
_a.b10231936 _b16-08-11 _c15-02-07 |
||
| 003 | |||
| 005 | 20230123134358.0 | ||
| 040 | _cNUST | ||
| 942 | _cBOOKS | ||
| 999 |
_c164902 _d164902 |
||